26 pintu pahala : kearah insan mukmin

Bibliographic Details
Main Author: Adil Akhyar
Format: Book
Published: Kuala Lumpur : Al-Hidayah Publishers , 2005
Subjects:

MARC

LEADER 00000cam a2200000 7i4500
001 0000012602
005 20080311.0
008 071226
020 |a 9830996263 
090 0 0 |a 297.44   |b ADI 
100 0 |a Adil Akhyar 
245 1 0 |a 26 pintu pahala :   |b kearah insan mukmin   |c Adil Akhyar 
246 0 0 |a Dua puluh enam pintu pahala   |b kearah insan mukmin 
260 |a Kuala Lumpur :   |b Al-Hidayah Publishers ,   |c 2005 
650 0 |a Faith (Islam) 
650 0 |a Good and evil   |x Religious aspects   |x Islam 
650 0 |a Islamic stories, Malay 
650 0 |a Religious life   |x Islam 
999 |a 0000923956   |b Book   |c Adult Collection   |e Cawangan Bukit Gambir 
999 |a 0000933804   |b Book   |c Adult Collection   |e Cawangan Tangkak 
999 |a 0000933805   |b Book   |c Adult Collection   |e Cawangan Tangkak 
999 |a 0001008588   |b Book   |c Adult Collection   |e Perbadanan Perpustakaan Awam Johor 
999 |a 0001008589   |b Book   |c Adult Collection   |e Perbadanan Perpustakaan Awam Johor